000 00223 a2200097 4500
001 30737
100 _aThompson, V
245 _aLabor Problems in Southeast Asia
260 _aLondon
_bJohn Murray
_c
090 _c20669
_d20669
942 _aNUST-CAE
_cM
_c11857
999 _c265810
_d265810